La comunicación internacional : enciclopedia de periodismo /

محفوظ في:
التفاصيل البيبلوغرافية
مؤلفون آخرون: Escriche, Pilar (autor) (autor), Fontcuberta, Mar de (introducción) (introducción)
التنسيق: كتاب
اللغة:الإسبانية
منشور في: Barcelona, España : Mitre, 1985, c1985
سلاسل:(Enciclopedia de Periodismo ; 1)
الموضوعات:
الوسوم: إضافة وسم
لا توجد وسوم, كن أول من يضع وسما على هذه التسجيلة!

MARC

LEADER 00000nam^a2200000^a^4500
001 000019038
005 20250521000000.0
009 20260310084242.549
020 |a 84-86153-42-5 
037 |a Acervo ITESO - Biblioteca 
041 |a ESP 
082 |a 322. 31  |b COM 
245 0 3 |a La comunicación internacional : enciclopedia de periodismo /  |c P. Escriche... [et al.] ; introd. de M. de Fontcuberta. 
264 4 |a Barcelona, España :  |b Mitre,  |c 1985, c1985 
300 |a 232 p. 
336 |a texto  |b txt  |2 rdacontenido 
337 |a sin mediación  |b n  |2 rdamedio 
338 |a volumen  |b nc  |2 rdasoporte 
440 1 |a (Enciclopedia de Periodismo ;  |v 1) 
649 |a XX 
650 |a Agencias de Información 
650 |a Periodismo 
650 |a Medios de Comunicación 
650 |a Comunicación Masiva 
650 |a Nuevo Orden Informativo Internacional 
650 |a Comunicación Internacional 
650 |a Comunicación y Política 
700 |a Escriche, Pilar  |e (autor) 
700 |a Fontcuberta, Mar de  |e (introducción) 
910 |a Fondo General 
920 |a Impresos - Libros 
930 |a Colección General 
905 |a 101 
901 |a 0190380100  |b IT1  |c ACC  |i 019038  |u 20250521 
902 |a https://opac.biblio.iteso.mx/vufind/Record/000019038